000 00279nam a22001217a 4500
082 _a658.5 ]SAU'F
100 _aSAUNDERS, N. F. T
_958481
245 _aFACTORY ORGANIZATION AND MANAGEMENT
250 _a3RD
260 _aLONDON
_bSIR ISAAC
_c1961
300 _a195P
942 _cBK
999 _c568675
_d568675